| 000 | 00720nam a2200253Ia 4500 | ||
|---|---|---|---|
| 003 | OSt | ||
| 005 | 20220927110739.0 | ||
| 006 | a|||||r|||| 00| 0 | ||
| 007 | ta | ||
| 008 | 220926b |||||||| |||| 00| 0 eng d | ||
| 024 | _a91079 | ||
| 037 | _cReports | ||
| 040 |
_aRTL _cRTL _beng |
||
| 041 |
_2eng _aeng |
||
| 082 | _a"X9(F555):89K.277.N57t, J7" | ||
| 110 |
_aAssam Refinery Location (Committee) _9380118 |
||
| 245 | 0 | _aReport | |
| 260 |
_aShillong _bGovt Press _c1957 |
||
| 300 |
_a33p. _ccm. |
||
| 650 | _aPetroleum Industry | ||
| 700 |
_aAssam Refinery Location (Committee) _9380119 |
||
| 942 |
_h"X9(F555):89K.277.N57t, J7" _cCC |
||
| 999 |
_c697819 _d697819 |
||